000 01263nam a22002537a 4500
999 _c61296
_d61296
005 20251125233054.0
008 s2552 th tha d
020 _a9789744495112
040 _aNALT
041 _atha
050 _aJQ 1745.A1 บ241ว 2553
100 0 _aบวรศักดิ์ อุวรรณโณ
245 1 0 _aวิกฤตเศรษฐกิจและวิกฤตทางการเมืองในประเทศไทยในอดีตและปัจจุบัน
260 3 _aกรุงเทพฯ :
_bสถาบันพระปกเกล้า,
_c2552
300 _a104 หน้า :
_b ตาราง ;
_c 21 ซม.
650 0 4 _aความขัดแย้งทางการเมือง -- ไทย
650 0 4 _aรัฐธรรมนูญไทย -- 2550 -- วิเคราะห์
650 0 4 _aรัฐธรรมนูญไทย -- 2540 -- วิเคราะห์
650 0 4 _aไทย -- การเมืองและการปกครอง -- 2540--2552
850 _aNALT
856 4 0 _uhttps://hdl.handle.net/20.500.14156/338159
_71
942 _cGB
_2lcc